000 00693nam a2200217 a 4500
001 000010974
005 20240412074222.0
008 091013s1996 dr 001 p spa d
020 _a1887691030
040 _aDO-SdBNP
_bspa
_cBNPHU
082 _aRD861.44
_bV468c
100 1 _aVentura, Miriam,
_d1957-
_926391
245 1 0 _aClaves para fantasmas /
_cMiriam Ventura.
260 _aNew York :
_bAlcance,
_c1996.
300 _a90 p. ;
_c22 cm.
500 _aIncluye datos biográficos del autor en la solapa de la contracubierta
590 _aInventariado, 2019/LP
650 0 _aPoesía dominicana
_966
650 0 _aLiteratura dominicana.
_967
910 _aValidado. Control de calidad BNPHU
999 _c10712
_d10712